[Event "Jerusalem Israel op"]
[Site "Jerusalem"]
[Date "2019.12.13"]
[Round "2"]
[White "Baron, Tal"]
[Black "Mazar, Ariel"]
[Result "1-0"]
[WhiteElo "2541"]
[BlackElo "1831"]
[PlyCount "69"]
[EventDate "2019.12.12"]
[EventType "swiss"]
[EventRounds "9"]
[EventCountry "ISR"]
[SourceTitle "CBM 193 Extra"]
[Source "ChessBase"]
[SourceDate "2020.01.31"]
[SourceVersion "1"]
[SourceVersionDate "2020.01.31"]
[SourceQuality "1"]

1. e4 e5 2. Nf3 Nc6 3. Bb5 Nf6 4. 0-0 d6 5. d4 a6 6. Bxc6+ bxc6 7. Re1 Bg4 8. dxe5 dxe5 9. Qxd8+ Rxd8 10. Nxe5 Rd1 11. Kf1 Bd6 12. Nxg4 Rxe1+ 13. Kxe1 Nxg4 14. h3 Ne5 15. Be3 c5 16. Nd2 Ke7 17. f4 Ng6 18. e5 Nxe5 19. fxe5 Bxe5 20. Bxc5+ Ke6 21. Nc4 Bg3+ 22. Bf2 Bf4 23. Ke2 Re8 24. Kf3 Kd5 25. b3 Bg5 26. Rd1+ Kc6 27. Na5+ Kb5 28. Rd5+ Kb4 29. Rxg5 g6 30. Rc5 Re6 31. Bd4 Rb6 32. Nc4 Rf6+ 33. Ke4 Re6+ 34. Kd3 a5 35. a3# 1-0